[Event "V Open"]
[Site "Lisbon POR"]
[Date "1999.11.17"]
[Round "5"]
[White "Fernandes,An"]
[Black "Bruzon,L"]
[Result "0-1"]
[WhiteElo "2438"]
[BlackElo "2528"]

1.d4 g6 2.e4 Bg7 3.Nc3 c6 4.Bc4 d6 5.Qf3 e6 6.Nge2 Nd7 7.Bb3 Ngf6 8.Bg5 h6
9.Bh4 Qe7 10.h3 O-O 11.O-O b5 12.Qe3 b4 13.Na4 g5 14.Bg3 Ba6 15.c4 e5 16.dxe5 Nxe5
17.Rac1 c5 18.Bh2 Rfe8 19.Ng3 Bc8 20.Kh1 g4 21.h4 Nc6 22.Bc2 Nd4 23.b3 Bb7
24.Bb1 Rad8 25.Rce1 Nh7 26.Nf5 Nxf5 27.exf5 Qxh4 28.Qg3 Qxg3 29.Bxg3 Bc6
30.Rxe8+ Bxe8 31.Rd1 Bd4 32.Bh4 Ng5 33.Re1 Kf8 34.Be4 Bxa4 35.bxa4 Re8 36.f3 Nxe4
37.Rxe4 gxf3 38.gxf3 d5 39.Rg4 dxc4 40.Bg3 f6 41.Bd6+ Kf7  0-1

[Event "V Open"]
[Site "Lisbon POR"]
[Date "1999.11.19"]
[Round "7"]
[White "Mitkov,N"]
[Black "Bruzon,L"]
[Result "1-0"]
[WhiteElo "2509"]
[BlackElo "2528"]

1.e4 c5 2.Nc3 e6 3.Nf3 a6 4.d4 cxd4 5.Nxd4 b5 6.Bd3 Qb6 7.Be3 Bc5 8.Be2 Nc6
9.Nxc6 Bxe3 10.fxe3 dxc6 11.Qd4 Qxd4 12.exd4 e5 13.dxe5 Ne7 14.a4 Rb8 15.Bh5 Ng6
16.axb5 axb5 17.Bxg6 hxg6 18.Ra7 Rh5 19.O-O Be6 20.Rc7 b4 21.Ne2 Rxe5 22.Nd4 Bd7
23.Rxf7 Kxf7 24.Nxc6 Re7 25.Nxb8 Bb5 26.Rc5 Rb7 27.Nc6 Bxc6 28.Rxc6 b3 29.Kf2 bxc2
30.Rxc2 Rb3 31.e5 Ke6 32.Re2 g5 33.h3 g6 34.Ke1 Rd3 35.Rd2 Rb3 36.Kd1 Kxe5
37.Kc2 Rb8 38.Rd7 g4 39.hxg4 Kf4 40.Rd4+ Kg3 41.g5 Rb5 42.Rd2 Rxg5 43.b4 Rf5
44.Kb3 g5 45.Ka4 g4 46.b5 Rf1 47.Rb2 Ra1+ 48.Kb4 Kh2 49.b6 Ra8 50.Kb5 Rb8
51.Ka6 Ra8+ 52.Kb7 Ra3 53.Kb8 g3 54.b7 Ra5 55.Kc7 Ra7 56.Kc8  1-0

[Event "V Open"]
[Site "Lisbon POR"]
[Date "1999.11.20"]
[Round "8"]
[White "Bruzon,L"]
[Black "Kobese,W"]
[Result "1-0"]
[WhiteElo "2528"]
[BlackElo "2389"]

1.c4 Nf6 2.Nc3 g6 3.g3 Bg7 4.Bg2 O-O 5.e4 d6 6.Nge2 e5 7.O-O Nbd7 8.d3 a5
9.h3 Nc5 10.Be3 Nfd7 11.Qd2 Ne6 12.Kh2 a4 13.Rad1 h5 14.f4 f5 15.d4 h4 16.dxe5 dxe5
17.exf5 gxf5 18.Bd5 Ra6 19.fxe5 Qe8 20.Bf4 hxg3+ 21.Nxg3 Kh8 22.Bxe6 Rxe6
23.Nb5 Qg6 24.Nxc7 Rxe5 25.Nd5 Rg8 26.Rde1 Rxe1 27.Rxe1 Bh6 28.Qc3+ Bg7 29.Qd2 Bh6
30.Rg1 Bf8 31.Re1 Bh6 32.Qd4+ Bg7 33.Qf2 Bf8 34.Ne7 Bxe7 35.Rxe7 Rg7 36.Qd4 Nf6
37.Re2 Nd7 38.Bc7 Kg8 39.Qd5+ Kh7 40.Qxf5 Qxf5 41.Nxf5 Rg8 42.Nd6 Nf6 43.Bb6 Bd7
44.Bc5 Kg6 45.Rg2+  1-0

[Event "V Open"]
[Site "Lisbon POR"]
[Date "1999.11.21"]
[Round "9"]
[White "Djuric,S"]
[Black "Bruzon,L"]
[Result "0-1"]
[WhiteElo "2504"]
[BlackElo "2528"]

1.d4 d5 2.Nf3 Nf6 3.e3 g6 4.c4 Bg7 5.cxd5 Nxd5 6.Be2 O-O 7.O-O Nb6 8.e4 Bg4
9.Nbd2 Nc6 10.d5 Nb8 11.h3 Bxf3 12.Bxf3 c6 13.Nb3 cxd5 14.exd5 N8d7 15.g3 a5
16.d6 a4 17.Nd4 Nc5 18.Nb5 exd6 19.Nxd6 a3 20.Rb1 Nca4 21.Nxb7 Qxd1 22.Rxd1 axb2
23.Bd2 Nc4 24.Bb4 Nc3 25.Bxf8 Rxf8 26.Rxb2 Nxb2 27.Rd7 Nxa2 28.Bd5 Nb4 29.Bb3 N2d3
30.f4 Bf6 31.h4 Kg7  0-1

[Event "Aviles op"]
[Site "Aviles"]
[Date "1999.??.??"]
[Round "2"]
[White "Bruzon, Lazaro"]
[Black "Gonzalez, Ivan"]
[Result "1-0"]
[WhiteElo "2488"]
[BlackElo "2232"]

1.e4 e6 2.d4 d5 3.Nc3 Bb4 4.e5 c5 5.Bd2 cxd4 6.Nb5 Bc5 7.Qg4 Kf8 8.b4 Be7
9.Nxd4 Nc6 10.Nxc6 bxc6 11.Nf3 f5 12.Qf4 Nh6 13.Bd3 Nf7 14.O-O g5 15.Qe3 Qb6
16.Rfe1 Qxe3 17.Rxe3 c5 18.c4 g4 19.Ne1 Bg5 20.Re2 Bxd2 21.Rxd2 dxc4 22.Bxc4 Nxe5
23.Bf1 cxb4 24.Rc1 Bd7 25.Rc5 Ke7 26.Rxe5 Rac8 27.Nd3  1-0

[Event "Aviles op"]
[Site "Aviles"]
[Date "1999.??.??"]
[Round "3"]
[White "Moreno, Alejandro"]
[Black "Bruzon, Lazaro"]
[Result "0-1"]
[WhiteElo "2094"]
[BlackElo "2488"]

1.d4 d5 2.Nf3 Nf6 3.Bf4 g6 4.e3 Bg7 5.Bd3 O-O 6.h3 c5 7.c3 Qb6 8.Qc1 Nc6
9.O-O Bf5 10.Bxf5 gxf5 11.Nbd2 Ne4 12.Nh4 e6 13.g3 Rac8 14.Nxe4 fxe4 15.Bd6 Nxd4
16.exd4 Qxd6 17.dxc5 Rxc5 18.Qd2 f5 19.Ng2 Kh8 20.Rad1 b5 21.Qe2 a5 22.a3 Qb6
23.Qh5 Rc6 24.Nf4 Kg8 25.Qg5 Qd8 26.Qxd8 Rxd8 27.Ne2 b4 28.axb4 axb4 29.cxb4 Bxb2
30.Rd2 Be5 31.Rb1 d4 32.b5 Rb6 33.Nf4 d3 34.Rb3 Rdb8 35.f3 Rxb5 36.Rxb5 Rxb5  0-1

[Event "Aviles op"]
[Site "Aviles"]
[Date "1999.??.??"]
[Round "5"]
[White "Toth, Andras"]
[Black "Bruzon, Lazaro"]
[Result "0-1"]
[WhiteElo "2301"]
[BlackElo "2488"]

1.e4 c5 2.Nf3 d6 3.d4 cxd4 4.Nxd4 Nf6 5.Nc3 a6 6.f4 e5 7.Nf3 Nbd7 8.a4 Be7
9.Bd3 O-O 10.O-O exf4 11.Kh1 Nc5 12.Bxf4 Bg4 13.Qd2 Bh5 14.Rae1 Rc8 15.Nd4 Bg6
16.Nf5 Bxf5 17.exf5 d5 18.Be5 Ncd7 19.Bd4 Bc5 20.Qf2 Qb6 21.Bxc5 Rxc5 22.Rb1 Re8
23.Qd4 Rc7 24.Qxb6 Nxb6 25.Rf4 Rce7 26.Kg1 Nbd7 27.Rd4 Re5 28.g4 h6 29.Rd1 Nb8
30.Rd2 Nc6 31.Rf4 Re3 32.Kg2 d4 33.Ne2 Nd5 34.Rf2 Ne5 35.Nf4 Nb6 36.a5 Na4
37.Be2 Re4 38.Bd3 Nxd3 39.cxd3 R4e5 40.Ne2 Rd8 41.Rf4 Rxa5 42.Rxd4 Rxd4 43.Nxd4 Rd5
44.Nc2 Nxb2 45.Nb4 Rb5 46.Rxb2 a5 47.Kf3 Rxb4 48.Rxb4 axb4 49.Ke3 Kf8 50.h4 f6  0-1

[Event "Aviles op"]
[Site "Aviles"]
[Date "1999.??.??"]
[Round "6"]
[White "Bruzon, Lazaro"]
[Black "Mamedov, Nidjat"]
[Result "1-0"]
[WhiteElo "2488"]
[BlackElo "2255"]

1.e4 c5 2.Nf3 Nc6 3.d4 cxd4 4.Nxd4 Nf6 5.Nc3 d6 6.f3 e5 7.Nb3 Be7 8.Be3 Be6
9.Nd5 Bxd5 10.exd5 Nb8 11.Qd2 Nbd7 12.c4 O-O 13.O-O-O b6 14.Kb1 Nc5 15.Na1 a5
16.g4 Nfd7 17.Nc2 Kh8 18.Bh3 Nf6 19.Rhg1 Ne8 20.f4 Rb8 21.g5 f5 22.Qe2 Ne4
23.g6 h6 24.Bc1 b5 25.cxb5 Qb6 26.a4 Qf2 27.Rge1 Qh4 28.Bxf5 Nf2 29.Rd2 Rxf5
30.Qxf2 Qxf2 31.Rxf2 Bh4 32.Rfe2 Bxe1 33.Rxe1 e4 34.Nd4 Rxd5 35.Nc6 Rb7 36.Rxe4 Nf6
37.Rc4 Rc5 38.Rxc5 dxc5 39.Nxa5 Ra7 40.Bd2 Nd5 41.b3 Kg8 42.Nc6 Rb7 43.Kc2 Rd7
44.Bc1 h5 45.Ba3 h4 46.Bxc5 h3 47.f5 Nc7 48.b6 Na6 49.b4 Kh8 50.Be3  1-0

[Event "CUB-ch U20"]
[Site "Camaguey"]
[Date "1999.??.??"]
[Round "2"]
[White "Bruzon, Lazaro"]
[Black "Olivera, Joan"]
[Result "1/2-1/2"]
[WhiteElo "2525"]
[BlackElo "2375"]

1.c4 c5 2.Nf3 Nf6 3.Nc3 e6 4.d4 cxd4 5.Nxd4 Bb4 6.g3 O-O 7.Bg2 d5 8.cxd5 Nxd5
9.Bd2 Bxc3 10.bxc3 e5 11.Nc2 Nc6 12.Rb1 Nb6 13.Nb4 Na5 14.Be3 Bf5 15.Qxd8 Rfxd8
16.Bxb6 axb6 17.e4 Be6 18.O-O Nc4 19.Rfd1 Rdc8 20.Nd5 Kf8 21.Nxb6  1/2-1/2

[Event "CUB-ch U20"]
[Site "Camaguey"]
[Date "1999.??.??"]
[Round "4"]
[White "Bruzon, Lazaro"]
[Black "Quesada, Yunieski"]
[Result "0-1"]
[WhiteElo "2525"]
[BlackElo "2210"]

1.e4 e5 2.Nf3 d6 3.d4 Nf6 4.Nc3 Nbd7 5.Bc4 Be7 6.O-O O-O 7.Re1 c6 8.a4 h6
9.h3 Re8 10.b3 Qc7 11.dxe5 dxe5 12.Nh4 Nf8 13.Qf3 Be6 14.Bf1 Rad8 15.Na2 N6d7
16.Nf5 Bxf5 17.exf5 Nf6 18.Qg3 Kh8 19.Bb2 Bd6 20.Qh4 N8h7 21.Nc3 Bc5 22.Ne4 Nxe4
23.Rxe4 Nf6 24.Rc4 Rd5 25.b4 Be7 26.Re1 a5 27.b5 Bc5 28.Bc1 Qe7 29.bxc6 bxc6
30.c3 Red8 31.Be2 e4 32.Bg4 Kg8 33.Bf4 h5 34.Bxh5 Rxf5 35.Be2 g5 36.Qg3 Nd5
37.Be3 Bd6 38.Qg4 Qe5 39.g3 Nf6 40.Bd4 Nxg4  0-1

[Event "CUB-ch U20"]
[Site "Camaguey"]
[Date "1999.??.??"]
[Round "5"]
[White "Fernandez, Lisandro"]
[Black "Bruzon, Lazaro"]
[Result "0-1"]
[WhiteElo "2280"]
[BlackElo "2525"]

1.c4 b6 2.Nc3 Bb7 3.e4 e6 4.d3 Bb4 5.Ne2 Ne7 6.g3 O-O 7.Bg2 a6 8.O-O Ra7
9.a3 Bxc3 10.Nxc3 d5 11.exd5 exd5 12.Bg5 f6 13.Bf4 d4 14.Ne4 Nd7 15.Re1 Ng6
16.Bd2 Qa8 17.Bh3 Nde5 18.Qh5 Bc8 19.Bxc8 Qxc8 20.Qe2 c5 21.f4 Nf7 22.Qf3 Kh8
23.Re2 Re7 24.Rae1 Qb7 25.Kg2 Nfe5 26.fxe5 Nxe5 27.Qf5 g6 28.Qf4 Nxd3 29.Qf3 Nxe1+
30.Rxe1 Rfe8 31.Ng5 Qxf3+ 32.Nxf3 Rxe1  0-1

[Event "CUB-ch U20"]
[Site "Camaguey"]
[Date "1999.??.??"]
[Round "7"]
[White "Perea, Osmany"]
[Black "Bruzon, Lazaro"]
[Result "0-1"]
[WhiteElo "2295"]
[BlackElo "2525"]

1.e4 c5 2.Nf3 e6 3.c3 d5 4.exd5 exd5 5.d4 Nc6 6.Bb5 cxd4 7.Nxd4 Bd7 8.O-O Nf6
9.Re1+ Be7 10.Qa4 Rc8 11.Bg5 O-O 12.Nd2 Re8 13.N2f3 Ne4 14.Bxe7 Rxe7 15.Qa3 Re8
16.Bf1 Bg4 17.Nxc6 Rxc6 18.Re3 Bxf3 19.Rxf3 Qb6 20.Rd1 Nf6 21.Qb3 Qa5 22.a3 Rb6
23.Qc2 Rbe6 24.Rfd3 Re5 25.g3 Qb6 26.Rd4 g6 27.Kg2 Kg7 28.Rb4 Qc7 29.Rbd4 h5
30.h4 a6 31.Qb3 R8e6 32.c4 Rb6 33.Qa2 Ne4 34.f4 Re7 35.Rxd5 Nxg3 36.b4 Nf5
37.Qb2+ Rf6 38.Rxf5 gxf5 39.Rd3 Qc6+ 40.Kh2 Kh7 41.Rd5 Re1 42.Bd3 Qe6 43.Qg2 Rg6
44.Qf3 Kg7 45.Qf2 Qe3 46.Qxe3 Rxe3 47.Bxf5 Re2+ 48.Kh3 Rg1 49.Bc8 Rh1+ 50.Kg3 Re3+
51.Kf2 Rxa3 52.Bxb7 Rh2+ 53.Kg1 Rc2 54.Ra5 Rg3+ 55.Kh1  0-1

[Event "CUB-ch U20"]
[Site "Camaguey"]
[Date "1999.??.??"]
[Round "8"]
[White "Bruzon, Lazaro"]
[Black "Hernandez, Holden"]
[Result "1-0"]
[WhiteElo "2525"]
[BlackElo "2305"]

1.e4 c5 2.Nf3 d6 3.d4 cxd4 4.Nxd4 Nf6 5.Nc3 a6 6.Be3 Ng4 7.Bg5 h6 8.Bh4 g5
9.Bg3 Bg7 10.Be2 h5 11.Bxg4 Bxg4 12.f3 Bd7 13.Bf2 Nc6 14.O-O Rb8 15.Qd2 e6
16.Nde2 Ne5 17.b3 Bf8 18.a4 Rg8 19.Kh1 g4 20.f4 Nc6 21.a5 h4 22.Bb6 Qe7 23.Rae1 h3
24.g3 Qf6 25.Kg1 Rc8 26.e5 Qf5 27.exd6 Bg7 28.Na4 Nb8 29.Qd3 Qxd3 30.cxd3 Rc2
31.Kf2 Bf8 32.Bc7 Nc6 33.Rc1 Nd4 34.Rxc2 Nxc2 35.Nb6 Na3 36.Nc3 Bg7 37.Nca4 Bd4+
38.Ke2 Nb5 39.Rc1 Na3 40.Nc5 Bxc5 41.Rxc5 Nb5 42.Ke3 f5 43.d4 Na7 44.d5 Rg6
45.Kd4  1-0

[Event "Copa Union de Reyes 4th"]
[Site "Matanzas"]
[Date "1999.??.??"]
[Round "2"]
[White "Vehreschild, Axel"]
[Black "Bruzon, Lazaro"]
[Result "0-1"]
[WhiteElo "2110"]
[BlackElo "2485"]

1.c4 Nf6 2.Nc3 c5 3.g3 e6 4.Bg2 d5 5.cxd5 exd5 6.Qb3 c4 7.Qd1 Nc6 8.d3 d4
9.Ne4 Bf5 10.Bg5 Bxe4 11.Bxe4 Qa5+ 12.Kf1 Nxe4  0-1

[Event "Copa Union de Reyes 4th"]
[Site "Matanzas"]
[Date "1999.??.??"]
[Round "6"]
[White "Mera Cedeno, Angel"]
[Black "Bruzon, Lazaro"]
[Result "0-1"]
[WhiteElo "2360"]
[BlackElo "2485"]

1.c4 c5 2.Nc3 b6 3.g3 Bb7 4.e4 g6 5.Bg2 Bg7 6.Nf3 Nc6 7.O-O Nh6 8.Nh4 O-O
9.d3 d6 10.h3 e6 11.Re1 Rc8 12.Bd2 f6 13.f4 Nd4 14.Nf3 f5 15.Ng5 Qd7 16.Rb1 Nf7
17.Nxf7 Rxf7 18.Ne2 e5 19.Nxd4 cxd4 20.b3 fxe4 21.dxe4 Rcf8 22.Qg4 Qe7 23.Rbd1 Bc8
24.Qe2 exf4 25.gxf4 Qh4 26.Qd3 Bh6 27.Rf1 Bxf4 28.Bxf4 Rxf4 29.Rxf4 Rxf4
30.Qxd4 Bxh3 31.Qxd6 Qf2+  0-1

[Event "Copa Union de Reyes 4th"]
[Site "Matanzas"]
[Date "1999.??.??"]
[Round "7"]
[White "Bruzon, Lazaro"]
[Black "Perez, Rodney"]
[Result "1/2-1/2"]
[WhiteElo "2485"]
[BlackElo "2405"]

1.e4 e5 2.Nf3 Nf6 3.Nxe5 d6 4.Nf3 Nxe4 5.d4 d5 6.Bd3 Be7 7.O-O Bf5 8.c4 dxc4
9.Bxc4 O-O 10.Re1 Nc6 11.Nc3 Nd6 12.Bb3 Bg4 13.Be3 Bf6 14.Nd5 Nf5 15.h3 Bxf3
16.Qxf3 Nfxd4 17.Nxf6+ Qxf6 18.Qxf6 gxf6 19.Bxd4 Nxd4 20.Re7 Nxb3 21.axb3  1/2-1/2

[Event "Copa Union de Reyes 4th"]
[Site "Matanzas"]
[Date "1999.??.??"]
[Round "8"]
[White "Bruzon, Lazaro"]
[Black "Barroso, Wildred"]
[Result "1-0"]
[WhiteElo "2485"]
[BlackElo "2225"]

1.d4 Nf6 2.c4 e6 3.Nc3 Bb4 4.f3 c5 5.d5 Bxc3+ 6.bxc3 d6 7.e4 Qe7 8.Bd3 Nbd7
9.Ne2 Ne5 10.Rb1 h6 11.O-O Nxd3 12.Qxd3 e5 13.Rb2 g5 14.g4 Nh7 15.Ng3 Nf8
16.Nf5 Bxf5 17.exf5 O-O-O 18.h4 gxh4 19.Rh2 Re8 20.Kf2 Nh7 21.Bxh6 e4 22.Qe3 Qf6
23.fxe4 Qe5 24.Bf4 Qxe4 25.Qxe4 Rxe4 26.Kf3 Rhe8 27.Rxh4 Nf6 28.g5 Nd7 29.Rh7 Rxc4
30.Rxf7 Rg8 31.f6 Rxg5 32.Rxd7 Rf5 33.Kg4 Rfxf4+ 34.Rxf4 Rxf4+ 35.Kxf4 Kxd7
36.Kf5 Ke8 37.Ke6 b5 38.Kxd6 b4 39.c4  1-0

[Event "Capablanca Mem Elite"]
[Site "Varadero CUB"]
[Date "2000.05.08"]
[Round "2"]
[White "Bruzon,L"]
[Black "Acs,P"]
[Result "1-0"]
[WhiteElo "2568"]
[BlackElo "2542"]

1.e4 e5 2.Nf3 Nc6 3.Bb5 a6 4.Ba4 Nf6 5.O-O Be7 6.Re1 b5 7.Bb3 d6 8.c3 O-O
9.h3 Na5 10.Bc2 c5 11.d4 Qc7 12.Nbd2 cxd4 13.cxd4 Bd7 14.Nf1 Rac8 15.Re2 Nc6
16.Be3 exd4 17.Nxd4 Rfe8 18.Ng3 g6 19.Bb3 Na5 20.Bg5 Nxb3 21.axb3 Qb7 22.Qd2 Rc5
23.Nf3 Be6 24.Qd4 Nh5 25.Nxh5 gxh5 26.Bxe7 Qxe7 27.Rxa6 Rd8 28.Re3 f6 29.Rd3 Kh8
30.Rxd6 Rc1+ 31.Kh2 Rxd6 32.Qxd6 Qxd6+ 33.Rxd6 Bxb3 34.Nd4 Bc4 35.b3  1-0

[Event "Capablanca Mem Elite"]
[Site "Varadero CUB"]
[Date "2000.05.10"]
[Round "4"]
[White "Bruzon,L"]
[Black "Vera,R"]
[Result "1/2-1/2"]
[WhiteElo "2568"]
[BlackElo "2546"]

1.e4 c5 2.Nf3 d6 3.d4 cxd4 4.Nxd4 Nf6 5.Nc3 a6 6.Be3 e6 7.Be2 Qc7 8.f4 b5
9.a3 Bb7 10.Bf3 Nbd7 11.Qe2 Be7 12.g4 Nc5 13.Bd2 O-O 14.g5 Nfd7 15.O-O-O Rfe8
16.h4 Bf8 17.h5 e5 18.Nf5 exf4 19.Bxf4 Ne5 20.h6 g6 21.Ne3  1/2-1/2

[Event "Capablanca Mem Elite"]
[Site "Varadero CUB"]
[Date "2000.05.12"]
[Round "5"]
[White "Dominguez,L"]
[Black "Bruzon,L"]
[Result "1-0"]
[WhiteElo "2508"]
[BlackElo "2568"]

1.e4 c5 2.Nf3 e6 3.d4 cxd4 4.Nxd4 Qb6 5.Nb3 Qc7 6.c4 Nf6 7.Nc3 a6 8.Bd3 d6
9.O-O g6 10.Be3 Nbd7 11.Be2 b6 12.Qd2 Bb7 13.f3 Rd8 14.Rfd1 h5 15.Bf1 Be7
16.Qf2 O-O 17.a4 Ba8 18.a5 bxa5 19.Nxa5 Rb8 20.Rdb1 Rfe8 21.Bd4 Bf8 22.Kh1 Rb4
23.Qd2 Rbb8 24.Ra4 Be7 25.b4 Rec8 26.Qf2 Nb6 27.Ra2 Nfd7 28.Rd2 Bf8 29.Rbd1 Bh6
30.Be3 Bg7 31.Na2 Be5 32.Bg5 Re8 33.f4 Bg7 34.Qe3 Bf8 35.Bh4 Kh7 36.Bg3 Nf6
37.Bd3 Nc8 38.Bc2 Bh6 39.Bh4 Ng4 40.Qg3 e5 41.Bg5 exf4 42.Bxf4 Bxf4 43.Qxf4 Re7
44.Rd4 Ne5 45.Qd2 Nb6 46.Bb3 Ng4 47.h3 Nf6 48.Nc3 Rbe8 49.Rf1 Nxe4 50.Nxe4 Bxe4
51.c5 Bxg2+ 52.Qxg2 dxc5 53.bxc5 Nc8 54.Nc6 Re1 55.Rd1 Rxd1 56.Bxd1 Re3 57.Bf3 Rc3
58.Bd5 f5 59.Rg1 Qg7 60.Be6 Rxc5 61.Bxc8 Qf6 62.Ne7 f4 63.Bb7  1-0

[Event "Capablanca Mem Elite"]
[Site "Varadero CUB"]
[Date "2000.05.13"]
[Round "6"]
[White "Bruzon,L"]
[Black "Volzhin,A"]
[Result "1/2-1/2"]
[WhiteElo "2568"]
[BlackElo "2548"]

1.e4 c6 2.d3 d5 3.Nd2 e5 4.Ngf3 Bd6 5.g3 Ne7 6.Bg2 O-O 7.O-O Bg4 8.h3 Bxf3
9.Nxf3 Nd7 10.h4 Qc7 11.Bh3 Nf6 12.Qe2 h6 13.Re1 Rfe8 14.Nh2 dxe4 15.dxe4 Ng6
16.Qf3 Qe7 17.Nf1 Bc7 18.Ne3 Qb4 19.Ng2 Nh7 20.c3 Qe7 21.a4 a5 22.Ne3 Qf6
23.Kg2 Qxf3+ 24.Kxf3 Nf6 25.Bf1 Ne7 26.Nc4 Nc8 27.Be3 Nd6 28.Nxd6 Bxd6 29.Reb1 Re7
30.b4 axb4 31.cxb4 Nd7 32.Ra2 Nf8 33.Bh3 Ne6 34.Bxe6 Rxe6 35.a5 Bc7 36.Rd2 Rd6
37.Rxd6 Bxd6 38.Ke2 Kf8 39.Kd3 Ke7 40.Kc4 Bc7 41.Rd1 h5 42.f4 Rd8 43.Ra1 Ra8
44.f5 f6 45.Rd1 Rg8 46.Bc5+ Ke8 47.b5 cxb5+ 48.Kxb5 g6 49.Rf1 Kd7 50.fxg6 Rxg6
51.Rf5 Rxg3 52.Rxh5 Rb3+ 53.Kc4 Rh3 54.Kb5 Rb3+ 55.Kc4 Rh3  1/2-1/2

[Event "Capablanca Mem Elite"]
[Site "Varadero CUB"]
[Date "2000.05.16"]
[Round "8"]
[White "Bruzon,L"]
[Black "Conquest,S"]
[Result "1/2-1/2"]
[WhiteElo "2568"]
[BlackElo "2563"]

1.e4 c5 2.Nf3 d6 3.Bc4 Nf6 4.d3 Nc6 5.c3 e6 6.Bb3 Be7 7.O-O O-O 8.Re1 b6
9.Nbd2 Ba6 10.Bc2 Qc7 11.Nf1 Rac8 12.Bf4 Ne5 13.h3 Nfd7 14.Ne3 Nxf3+ 15.Qxf3 Ne5
16.Qd1 Ng6 17.Bg3 Bg5 18.d4 cxd4 19.Qxd4 Rfd8 20.Rad1 Bf4 21.Qa4 Bb7 22.Bxf4 Nxf4
23.Rd2 a5 24.Red1 Qc5 25.Qd4 Qxd4  1/2-1/2

[Event "Capablanca Mem Elite"]
[Site "Varadero CUB"]
[Date "2000.05.17"]
[Round "9"]
[White "Kobalija,M"]
[Black "Bruzon,L"]
[Result "1-0"]
[WhiteElo "2593"]
[BlackElo "2568"]

1.e4 c5 2.Nf3 d6 3.d4 cxd4 4.Nxd4 Nf6 5.Nc3 a6 6.Be3 e5 7.Nb3 Be6 8.f3 Be7
9.Qd2 O-O 10.O-O-O b5 11.g4 b4 12.Nd5 Bxd5 13.exd5 a5 14.Nc5 Nbd7 15.Na4 Ne8
16.h4 Rb8 17.g5 g6 18.h5 Ng7 19.Bd3 Nxh5 20.Rdg1 f5 21.gxf6 Ndxf6 22.Bg5 Kf7
23.Bxf6 Bxf6 24.Qh6 Ke7 25.Qxh7+ Rf7 26.Qxg6 Nf4 27.Qe4 Qd7 28.b3 Nh3 29.Rf1 Rh8
30.Qc4 Qa7 31.Kb1 Rff8 32.Bf5 Nf4 33.Rxh8 Rxh8 34.Qc6 Qd4 35.Qd7+ Kf8 36.Qxd6+ Be7
37.Qb8+ Kg7 38.Qb7 Kf6 39.Be4 Rg8 40.Qb6+ Kf7 41.Qxd4 exd4 42.Rd1 Rg2 43.Bd3 Kf8
44.Bc4 Bf6 45.d6 d3 46.Bxd3 Nxd3 47.cxd3 Bd4 48.Re1 Kf7 49.d7 Rg8 50.Nb2 Rd8
51.Nc4 Rxd7 52.Kc2 Rd5 53.Re4 Bc3 54.a4 Kf6 55.Rf4+ Ke6 56.Re4+ Kf6 57.d4 Bxd4
58.Nxa5 Bc3 59.Nc6 Rd2+ 60.Kc1  1-0

[Event "Capablanca Mem Elite"]
[Site "Varadero CUB"]
[Date "2000.05.19"]
[Round "10"]
[White "Bruzon,L"]
[Black "Miles,A"]
[Result "1-0"]
[WhiteElo "2568"]
[BlackElo "2579"]

1.e4 e5 2.Nf3 Nc6 3.Bb5 Nf6 4.O-O Nxe4 5.d4 Nd6 6.Bxc6 dxc6 7.dxe5 Nf5 8.Qxd8+ Kxd8
9.Nc3 Ke8 10.h3 h5 11.Ne2 Be6 12.Nf4 Bd5 13.Nxd5 cxd5 14.Bf4 c6 15.g3 Be7
16.Rfe1 Rg8 17.g4 hxg4 18.hxg4 Nh6 19.Nh2 g5 20.Be3 Kd7 21.Rad1 Ke6 22.Kg2 c5
23.c3 Rad8 24.Re2 Rd7 25.Kg3 f5 26.exf6 Kxf6 27.Nf3 Nf7 28.Bc1 Bd6+ 29.Kh3 Bf4
30.Bxf4 gxf4 31.Rde1 Ng5+ 32.Nxg5 Rxg5 33.Re6+ Kf7 34.Kh4 Rg6 35.Rxg6 Kxg6
36.Re6+ Kf7 37.Re5 Kf6 38.Rf5+ Kg6 39.Rxf4 d4 40.cxd4 cxd4 41.Re4 d3 42.Re6+ Kf7
43.Re1 Kf6 44.Kg3 d2 45.Rd1 Rd3+ 46.f3 Kg5 47.Kf2 Kf4 48.Ke2 Re3+ 49.Kxd2 Rxf3
50.Kc1 Kxg4 51.Rd7 Rf6 52.Rxb7 Ra6 53.a3 Kf5 54.Kb1 Ke5 55.Ka2 Kd5 56.b4 Kc6
57.Rh7 Kb5 58.Kb3 Rg6 59.Rxa7 Rg3+ 60.Kc2 Rg2+ 61.Kd3 Rg3+ 62.Ke4 Rg4+ 63.Kf5 Rh4
64.Ra5+ Kb6 65.Kg5 Rh3 66.Kf4 Rd3 67.Ke4 Rd1 68.Ke3 Rd8 69.a4 Rd1 70.Rb5+ Ka6
71.Ke4 Rh1 72.Rf5 Rb1 73.Ra5+ Kb6 74.Rb5+ Kc6 75.Kd4 Rd1+ 76.Kc3 Rc1+ 77.Kb2 Rc4
78.Kb3 Rc1 79.Rh5 Rb1+ 80.Kc3 Rc1+ 81.Kb2 Rg1 82.a5 Rg3 83.Rc5+  1-0

[Event "Capablanca Mem Elite"]
[Site "Varadero CUB"]
[Date "2000.05.20"]
[Round "11"]
[White "Oral,T"]
[Black "Bruzon,L"]
[Result "1/2-1/2"]
[WhiteElo "2540"]
[BlackElo "2568"]

1.e4 g6 2.d4 Bg7 3.Nc3 c6 4.Nf3 d5 5.Bf4 Bg4 6.exd5 cxd5 7.Nb5 Kf8 8.Be2 Nc6
9.c4 Bxf3 10.Bxf3 dxc4 11.O-O a6 12.Nc7 Ra7 13.Nd5 Bxd4 14.Bc7 Qd7 15.Bb6 Bxb6
16.Nxb6 Qc7 17.Nd7+ Kg7 18.Bxc6 bxc6 19.Qd4+ Nf6 20.Nxf6 exf6 21.Rac1 Rd8
22.Qxc4 Rd2 23.Rc2 Rxc2 24.Qxc2 Qb6 25.Rc1 Rd7 26.h3 c5 27.Qb3 Qa5 28.Qa3 Qd2
29.Qc3 Qxc3 30.Rxc3 Rd1+ 31.Kh2 Rd2 32.Rxc5 Rxf2 33.Ra5 Rxb2 34.Rxa6 f5 35.Kg3 h6
36.h4 Rc2 37.Ra4 g5 38.h5 f4+ 39.Kf3 Rc1 40.Ra3 Rf1+ 41.Ke2 Rh1 42.Rf3 Rxh5
43.a4 g4 44.Rxf4 Re5+ 45.Kf2 h5 46.Rb4 Rf5+ 47.Kg3 Rf1 48.a5 Ra1 49.Rb5 Kg6
50.Rc5 f5 51.Rc8 Rf1 52.Rg8+ Kf6 53.Rf8+ Ke7 54.Rb8 f4+ 55.Kh4 Rh1+ 56.Kg5 f3
57.gxf3 g3 58.Rb2 h4 59.a6 h3 60.a7 g2 61.Re2+ Kf7 62.a8=Q g1=Q+ 63.Kh4 Qd4+
64.Kh5 Qc5+ 65.Kh4  1/2-1/2

[Event "Capablanca Mem Elite"]
[Site "Varadero CUB"]
[Date "2000.05.21"]
[Round "12"]
[White "Bruzon,L"]
[Black "Nogueiras,J"]
[Result "1/2-1/2"]
[WhiteElo "2568"]
[BlackElo "2563"]

1.e4 e6 2.d4 d5 3.Nc3 Nf6 4.Bg5 dxe4 5.Nxe4 Be7 6.Bxf6 Bxf6 7.Nf3 O-O 8.Qd3 Nd7
9.O-O-O b6 10.h4 Bb7 11.Nfg5 Bxg5+ 12.Nxg5 Nf6  1/2-1/2

[Event "Guillermo Garcia Premier I"]
[Site "Santa Clara CUB"]
[Date "2000.05.24"]
[Round "1"]
[White "Bruzon,L"]
[Black "Teran Alvarez,I"]
[Result "1-0"]
[WhiteElo "2568"]
[BlackElo "2401"]

1.c4 e5 2.g3 Nf6 3.Bg2 Nc6 4.Nc3 Bb4 5.Nf3 O-O 6.O-O e4 7.Ne1 Bxc3 8.dxc3 h6
9.Nc2 d6 10.Ne3 Re8 11.b3 a5 12.a4 Ne5 13.Ra2 Neg4 14.Nd5 Nxd5 15.cxd5 e3
16.f3 Nf2 17.Qd4 Qe7 18.c4 c5 19.dxc6 bxc6 20.f4 Rb8 21.Bb2 f6 22.Bxc6 Bb7
23.Bd5+ Kh8 24.Bc3 Qd7 25.Be1 Bxd5 26.Qxd5 Rxb3 27.c5 Qh3 28.cxd6 Rb1 29.Ra3 Rd1
30.Qg2 Qxg2+ 31.Kxg2 Rxd6 32.Bxa5 Ne4 33.Rc1 Nd2 34.Bc7 Rde6 35.a5 Ra8  1-0

[Event "Guillermo Garcia Premier I"]
[Site "Santa Clara CUB"]
[Date "2000.05.25"]
[Round "2"]
[White "Fiorito,F"]
[Black "Bruzon,L"]
[Result "0-1"]
[WhiteElo "2459"]
[BlackElo "2568"]

1.Nf3 Nf6 2.g3 g6 3.Bg2 Bg7 4.O-O O-O 5.d3 d5 6.Nbd2 Nc6 7.e4 dxe4 8.dxe4 a5
9.a4 Nd7 10.Nc4 b6 11.Re1 Ba6 12.Bf1 Nc5 13.Qe2 Qd7 14.c3 Rfd8 15.Be3 Nxe4
16.Qc2 Nd6 17.Nxd6 exd6 18.Bxa6 Rxa6 19.Bg5 f6 20.Bf4 Raa8 21.Qb3+ Kh8 22.h4 Ne5
23.Bxe5 fxe5 24.Rad1 Qf5 25.Ng5 Rf8 26.Ne4 Qf7 27.c4 Bf6 28.Rd3 Be7 29.Qc2 Rae8
30.b3 Qe6 31.Qe2 Qf5 32.Kg2 Kg7 33.Red1 Rf7 34.Rh1 h5 35.Rhd1 Ref8 36.Rh1 Qe6
37.Rhd1 Rd8 38.Qe3 Qg4 39.f3 Qf5 40.R1d2 Bf8 41.Rd1 Kg8 42.Qe2 Be7 43.Rh1 Rdf8
44.Rhd1 Rg7 45.Rh1 Rff7 46.Kf1 Rh7 47.Ke1 Qe6 48.Qd2 Rf8 49.Kf2 Qf5 50.Kg2 Rff7
51.Qe3 Rfg7 52.Qe2 g5 53.hxg5 Bxg5 54.Rh3 Bf4 55.Rd1 Bg5 56.Rdh1 Be7 57.Rd1 Rf7
58.Rdh1 Qg6 59.Rf1 h4 60.g4 Rf4 61.Rd1 Rhf7 62.Rd3 Rg7 63.Kh2 Qe6 64.Qe3 Rg6
65.Nc3 Bg5 66.Qe2 Kg7 67.Ne4 Be7 68.Qe3 c6  0-1

[Event "Guillermo Garcia Premier I"]
[Site "Santa Clara CUB"]
[Date "2000.05.26"]
[Round "3"]
[White "Bruzon,L"]
[Black "Gongora,M"]
[Result "1-0"]
[WhiteElo "2568"]
[BlackElo "2439"]

1.e4 c5 2.Nf3 d6 3.d4 cxd4 4.Nxd4 Nf6 5.Nc3 a6 6.Be3 e6 7.Be2 Be7 8.f4 Qc7
9.Qd2 O-O 10.g4 b5 11.a3 Bb7 12.Bf3 Nc6 13.g5 Nd7 14.O-O-O Na5 15.h4 Nc4
16.Qe1 Rfc8 17.g6 Nxa3 18.gxf7+ Kxf7 19.Bh5+ Kg8 20.Nxe6 Qc4 21.Ng5 Bxg5
22.Rd4 Nxc2 23.Kxc2 Bxe4+ 24.Kc1 Qa2 25.Rxe4 Bf6 26.Bd2 Bxc3 27.Bxc3 Nf6
28.Bd1 Nxe4 29.Qxe4 Qc4 30.Qxc4+ bxc4 31.Bf3 Ra7 32.Bd5+ Kf8 33.f5 Rc5 34.Rd1 a5
35.Bd4 Rxd5 36.Bxa7 Rxf5 37.Rxd6 Kf7 38.Rd7+ Kg6 39.Bd4 Rf7 40.h5+  1-0

[Event "Guillermo Garcia Premier I"]
[Site "Santa Clara CUB"]
[Date "2000.05.28"]
[Round "4"]
[White "Abreu,A"]
[Black "Bruzon,L"]
[Result "1-0"]
[WhiteElo "2419"]
[BlackElo "2568"]

1.e4 c5 2.Nf3 d6 3.d4 cxd4 4.Nxd4 Nf6 5.Nc3 a6 6.Be2 e5 7.Nb3 Be7 8.O-O O-O
9.Bg5 Be6 10.Bxf6 Bxf6 11.a4 Nc6 12.Nd5 Bg5 13.c3 Rc8 14.a5 Ne7 15.Nb6 Rc7
16.Bg4 f5 17.exf5 Nxf5 18.Nd2 Bh6 19.Ne4 d5 20.Ng3 g6 21.Re1 Bg7 22.Bxf5 gxf5
23.Nh5 Bh8 24.Nf4 Bf7 25.Nfxd5 Rc6 26.Qf3 f4 27.Nb4 Rh6 28.Rad1 Qh4 29.h3 Rg6
30.Nd3 Be6 31.Kf1 Qg5 32.Nc5 e4 33.Nxe6 exf3 34.Nxg5 Rxg5 35.gxf3 Rxa5 36.Re7 Rb5
37.Nc4 Rc5 38.Nd6 b5 39.Ne4 Rh5 40.Ke2 Ra8 41.Rb7 Kf8 42.Rg1 Re8 43.Kf1 Be5
44.Ra7 Re7 45.Rxa6 h6 46.Rb6 Bc7 47.Rf6+ Rf7 48.Rgg6 Rxh3 49.Rxh6 Rxf6 50.Rxf6+ Ke7
51.Rf5 b4 52.Kg2 Rh8 53.cxb4 Ra8 54.Rc5 Bb6 55.Rc6 Bd4 56.Nc3 Ra1 57.Rc4  1-0